00802nam a2200217 a 45000010005000000030008000050050017000130080041000300350009000710400027000800410008001070820018001152450099001332600057002323000052002895000085003416500047004267000043004737000025005167000043005411091BD-RjUL20211208233256.0131124q19601965enka j 000 0 eng d a1113 aOPPcOPPbengdBD-RjUL aeng00a030bYOU 196504aThe younger children's encyclopaedia /cadvisory editors, J.C. Hill, M.G. Rawlins, W.G. Moore. aLondon :bOdhams Press,c[Between ca. 1960 and 1965] a384 p., [14] leaves of plates :bill. ;c26 cm. aDate of publication suggested by the original cataloguer of the Opie Collection. 0aChildren's encyclopedias and dictionaries.1 aHill, John C.q(John Campbell),d1888-1 aRawlins, Margaret G.1 aMoore, W. G.q(Wilfred George),d1907-